[Event "Eliminacje Miedzywojewodzkie MA-WM C13"]
[Site "Brok"]
[Date "2022.09.14"]
[Round "6.2"]
[White "Bartodziej, Bartosz"]
[Black "Olszewski, Antoni"]
[Result "1-0"]
[BlackElo "1351"]
[WhiteElo "1940"]
[LiveChessVersion "1.4.8"]

1. e4 {[%clk 1:26:53]} c5 {[%clk 1:30:45]} 2. Nf3 {[%clk 1:26:50]} e6
{[%clk 1:31:06]} 3. d4 {[%clk 1:27:14]} cxd4 {[%clk 1:31:29]} 4. Nxd4
{[%clk 1:27:39]} Nc6 {[%clk 1:31:41]} 5. Nc3 {[%clk 1:28:04]} Qc7
{[%clk 1:31:35]} 6. Be2 {[%clk 1:28:27]} a6 {[%clk 1:31:52]} 7. O-O
{[%clk 1:28:50]} Nf6 {[%clk 1:32:05]} 8. Be3 {[%clk 1:28:58]} Be7
{[%clk 1:32:05]} 9. f4 {[%clk 1:28:38]} d6 {[%clk 1:32:28]} 10. Kh1
{[%clk 1:28:33]} O-O {[%clk 1:32:12]} 11. Qe1 {[%clk 1:27:29]} Nxd4
{[%clk 1:31:22]} 12. Bxd4 {[%clk 1:27:37]} b5 {[%clk 1:31:33]} 13. a3
{[%clk 1:26:59]} Bb7 {[%clk 1:30:49]} 14. Qg3 {[%clk 1:27:21]} Rad8
{[%clk 1:29:50]} 15. Bf3 {[%clk 1:14:50]} Bc6 {[%clk 1:16:59]} 16. Rae1
{[%clk 1:04:06]} a5 {[%clk 0:54:47]} 17. e5 {[%clk 0:44:41]} Ne8 {[%clk 0:47:28]}
18. Ne4 {[%clk 0:22:03]} dxe5 {[%clk 0:38:20]} 19. Bxe5 {[%clk 0:22:21]} Qb7
{[%clk 0:38:12]} 20. c3 {[%clk 0:16:03]} Bd5 {[%clk 0:27:49]} 21. h4
{[%clk 0:12:58]} b4 {[%clk 0:19:10]} 22. axb4 {[%clk 0:12:49]} axb4
{[%clk 0:19:29]} 23. h5 {[%clk 0:11:54]} h6 {[%clk 0:17:40]} 24. cxb4
{[%clk 0:08:11]} Qxb4 {[%clk 0:16:57]} 25. Bc3 {[%clk 0:07:51]} Qb6
{[%clk 0:16:34]} 26. Rd1 {[%clk 0:06:48]} f5 {[%clk 0:07:40]} 27. Bd4
{[%clk 0:04:29]} Qb4 {[%clk 0:05:17]} 28. Bc3 {[%clk 0:04:49]} Qb5
{[%clk 0:05:20]} 29. Nf2 {[%clk 0:03:16]} Bf6 {[%clk 0:04:45]} 30. Bxd5
{[%clk 0:03:29]} Rxd5 {[%clk 0:04:33]} 31. Qe3 {[%clk 0:02:41]} Nc7
{[%clk 0:03:33]} 32. Rfe1 {[%clk 0:01:50]} Bh4 {[%clk 0:01:31]} 33. g3
{[%clk 0:01:23]} Bf6 {[%clk 0:01:42]} 34. Nd3 {[%clk 0:00:49]} Bxc3
{[%clk 0:01:30]} 35. bxc3 {[%clk 0:01:17]} Qc6 {[%clk 0:01:28]} 36. Nb4
{[%clk 0:01:19]} Qc4 {[%clk 0:01:25]} 37. Nxd5 {[%clk 0:01:39]} exd5
{[%clk 0:01:50]} 38. Qd4 {[%clk 0:01:57]} Qc6 {[%clk 0:01:33]} 39. Re7
{[%clk 0:01:52]} Ne6 {[%clk 0:01:17]} 40. Qxd5 {[%clk 0:01:57]} Qxc3
{[%clk 0:01:08]} 41. Qxe6+ {[%clk 0:02:19]} Kh8 {[%clk 0:01:30]} 42. Qe3
{[%clk 0:02:22]} Qc6+ {[%clk 0:01:49]} 43. Kh2 {[%clk 0:02:47]} Ra8
{[%clk 0:01:42]} 44. Red7 {[%clk 0:02:43]} Ra2+ {[%clk 0:01:55]} 45. R1d2
{[%clk 0:02:29]} Ra1 {[%clk 0:00:39]} 46. Qe8+ {[%clk 0:02:48]} 1-0

[Event "Eliminacje Miedzywojewodzkie MA-WM C13"]
[Site "Brok"]
[Date "2022.09.14"]
[Round "6.3"]
[White "Krogulski, Maksymilian"]
[Black "Nocek, Dominik"]
[Result "1/2-1/2"]
[BlackElo "1627"]
[WhiteElo "1559"]
[LiveChessVersion "1.4.8"]

1. e4 {[%clk 1:31:00]} e5 {[%clk 1:30:53]} 2. Nf3 {[%clk 1:31:05]} Nc6
{[%clk 1:31:15]} 3. d4 {[%clk 1:31:14]} exd4 {[%clk 1:31:37]} 4. Nxd4
{[%clk 1:31:43]} Nf6 {[%clk 1:31:48]} 5. Nc3 {[%clk 1:32:12]} Bb4
{[%clk 1:32:06]} 6. Nxc6 {[%clk 1:32:16]} bxc6 {[%clk 1:32:23]} 7. Bd3
{[%clk 1:32:45]} d5 {[%clk 1:32:31]} 8. exd5 {[%clk 1:32:58]} cxd5
{[%clk 1:32:44]} 9. O-O {[%clk 1:33:20]} O-O {[%clk 1:33:05]} 10. Bg5
{[%clk 1:33:31]} c6 {[%clk 1:33:21]} 11. Qf3 {[%clk 1:33:29]} Rb8
{[%clk 1:33:00]} 12. Rab1 {[%clk 1:32:46]} Bd6 {[%clk 1:31:41]} 13. h3
{[%clk 1:32:18]} h6 {[%clk 1:30:57]} 14. Bxf6 {[%clk 1:32:27]} Qxf6
{[%clk 1:31:13]} 15. Qxf6 {[%clk 1:32:51]} gxf6 {[%clk 1:31:39]} 16. b3
{[%clk 1:32:18]} Bd7 {[%clk 1:24:54]} 17. Rbd1 {[%clk 1:30:23]} Rfe8
{[%clk 1:21:38]} 18. Ne2 {[%clk 1:30:01]} c5 {[%clk 1:07:38]} 19. Ng3
{[%clk 1:27:50]} Bxg3 {[%clk 1:00:26]} 20. fxg3 {[%clk 1:28:05]} Kg7
{[%clk 1:00:39]} 21. Rf3 {[%clk 1:27:24]} Rb6 {[%clk 0:57:35]} 22. g4
{[%clk 1:26:46]} Rd6 {[%clk 0:53:05]} 23. Kf2 {[%clk 1:24:21]} a5
{[%clk 0:44:42]} 24. a4 {[%clk 1:24:14]} Re5 {[%clk 0:39:40]} 25. Re3
{[%clk 1:14:54]} Rde6 {[%clk 0:37:08]} 26. Rde1 {[%clk 1:12:27]} Rxe3
{[%clk 0:36:33]} 27. Rxe3 {[%clk 1:12:54]} Re5 {[%clk 0:36:20]} 28. Kf3
{[%clk 1:10:01]} Kf8 {[%clk 0:28:51]} 29. Kf4 {[%clk 1:09:04]} Rxe3
{[%clk 0:28:34]} 30. Kxe3 {[%clk 1:09:33]} Ke7 {[%clk 0:28:32]} 31. Kf4
{[%clk 1:10:02]} Kd6 {[%clk 0:26:11]} 32. c3 {[%clk 0:55:20]} d4 {[%clk 0:18:46]}
33. c4 {[%clk 0:50:45]} Bc6 {[%clk 0:14:38]} 34. g3 {[%clk 0:47:05]} Bd7
{[%clk 0:14:56]} 1/2-1/2

[Event "Eliminacje Miedzywojewodzkie MA-WM C13"]
[Site "Brok"]
[Date "2022.09.14"]
[Round "6.4"]
[White "Rzap, Filip"]
[Black "Kowalski, Witold"]
[Result "0-1"]
[BlackElo "1525"]
[WhiteElo "1391"]
[LiveChessVersion "1.4.8"]

1. e4 {[%clk 1:30:59]} c5 {[%clk 1:30:55]} 2. Nf3 {[%clk 1:31:25]} d6
{[%clk 1:31:15]} 3. d4 {[%clk 1:31:52]} cxd4 {[%clk 1:31:40]} 4. Nxd4
{[%clk 1:32:14]} Nf6 {[%clk 1:32:04]} 5. Nc3 {[%clk 1:32:39]} a6 {[%clk 1:32:27]}
6. Be3 {[%clk 1:33:05]} e5 {[%clk 1:32:42]} 7. Nb3 {[%clk 1:33:30]} Be7
{[%clk 1:33:04]} 8. f3 {[%clk 1:33:56]} Be6 {[%clk 1:33:22]} 9. Qd2
{[%clk 1:34:22]} O-O {[%clk 1:33:13]} 10. O-O-O {[%clk 1:34:48]} b5
{[%clk 1:33:07]} 11. g4 {[%clk 1:32:35]} b4 {[%clk 1:14:13]} 12. Ne2
{[%clk 1:20:28]} a5 {[%clk 1:08:52]} 13. Kb1 {[%clk 1:11:34]} Qc7
{[%clk 1:04:01]} 14. g5 {[%clk 1:08:19]} Nfd7 {[%clk 1:03:23]} 15. f4
{[%clk 1:05:07]} Rc8 {[%clk 0:31:30]} 16. f5 {[%clk 0:56:02]} Bc4
{[%clk 0:25:41]} 17. Rg1 {[%clk 0:49:41]} a4 {[%clk 0:11:29]} 18. Nbc1
{[%clk 0:41:43]} Nc5 {[%clk 0:06:09]} 19. Ng3 {[%clk 0:36:13]} Bxf1
{[%clk 0:04:04]} 20. Rdxf1 {[%clk 0:35:27]} b3 {[%clk 0:03:05]} 21. Bxc5
{[%clk 0:31:20]} bxa2+ {[%clk 0:03:12]} 22. Nxa2 {[%clk 0:30:56]} Qxc5
{[%clk 0:02:58]} 23. f6 {[%clk 0:28:43]} Bf8 {[%clk 0:03:20]} 24. fxg7
{[%clk 0:27:52]} Bxg7 {[%clk 0:03:43]} 25. Nf5 {[%clk 0:26:55]} Ra7
{[%clk 0:02:48]} 26. h4 {[%clk 0:23:42]} Nc6 {[%clk 0:00:38]} 27. Qxd6
{[%clk 0:17:51]} Qxd6 {[%clk 0:00:47]} 28. Nxd6 {[%clk 0:18:13]} Rd8
{[%clk 0:01:11]} 29. Nf5 {[%clk 0:17:46]} Nd4 {[%clk 0:01:12]} 30. Rd1
{[%clk 0:16:26]} Rb8 {[%clk 0:01:27]} 31. Nc3 {[%clk 0:15:22]} Rc7
{[%clk 0:01:20]} 32. Nxd4 {[%clk 0:13:56]} exd4 {[%clk 0:01:42]} 33. Nxa4
{[%clk 0:14:00]} Rc4 {[%clk 0:02:03]} 34. b3 {[%clk 0:11:45]} Rxa4
{[%clk 0:02:26]} 35. Rge1 {[%clk 0:11:39]} d3 {[%clk 0:02:29]} 36. e5
{[%clk 0:11:39]} dxc2+ {[%clk 0:02:52]} 37. Kxc2 {[%clk 0:12:02]} Rxh4
{[%clk 0:03:17]} 38. e6 {[%clk 0:12:03]} Rh2+ {[%clk 0:03:19]} 39. Rd2
{[%clk 0:12:31]} Rxd2+ {[%clk 0:02:32]} 40. Kxd2 {[%clk 0:12:53]} fxe6
{[%clk 0:02:50]} 41. Rxe6 {[%clk 0:13:19]} Rxb3 {[%clk 0:02:57]} 42. g6
{[%clk 0:13:25]} h6 {[%clk 0:01:10]} 43. Re3 {[%clk 0:13:13]} Rb6
{[%clk 0:01:23]} 44. Rg3 {[%clk 0:13:17]} Bf6 {[%clk 0:01:44]} 45. Ke3
{[%clk 0:13:19]} Bg5+ {[%clk 0:02:06]} 46. Kf3 {[%clk 0:13:37]} Kg7
{[%clk 0:02:21]} 47. Kg4 {[%clk 0:13:54]} Kxg6 {[%clk 0:02:37]} 48. Kh3
{[%clk 0:14:19]} Rb4 {[%clk 0:02:24]} 49. Ra3 {[%clk 0:14:24]} h5
{[%clk 0:01:46]} 50. Ra6+ {[%clk 0:14:45]} Kf5 {[%clk 0:02:07]} 51. Ra5+
{[%clk 0:15:12]} Kg6 {[%clk 0:01:23]} 52. Ra6+ {[%clk 0:15:32]} Bf6
{[%clk 0:01:48]} 53. Ra3 {[%clk 0:15:44]} Rg4 {[%clk 0:01:54]} 54. Rg3
{[%clk 0:16:01]} Kg5 {[%clk 0:02:07]} 55. Kh2 {[%clk 0:15:52]} Be5
{[%clk 0:02:32]} 0-1

[Event "Eliminacje Miedzywojewodzkie MA-WM C13"]
[Site "Brok"]
[Date "2022.09.14"]
[Round "6.5"]
[White "Klim, Juliusz"]
[Black "Terkiewicz, Bruno"]
[Result "0-1"]
[BlackElo "1846"]
[WhiteElo "1471"]
[LiveChessVersion "1.4.8"]

1. e4 {[%clk 1:30:58]} c5 {[%clk 1:30:57]} 2. Nf3 {[%clk 1:31:25]} d6
{[%clk 1:31:24]} 3. d4 {[%clk 1:31:51]} cxd4 {[%clk 1:31:51]} 4. Nxd4
{[%clk 1:32:17]} Nf6 {[%clk 1:32:17]} 5. Nc3 {[%clk 1:32:42]} a6 {[%clk 1:32:43]}
6. a4 {[%clk 1:33:00]} e5 {[%clk 1:32:25]} 7. Nf3 {[%clk 1:33:20]} Be7
{[%clk 1:32:08]} 8. Bg5 {[%clk 1:33:28]} Be6 {[%clk 1:31:26]} 9. Bxf6 Bxf6
{[%clk 1:31:27]} 10. Nd5 {[%clk 1:33:21]} Nd7 {[%clk 1:26:21]} 11. Bc4
{[%clk 1:32:44]} Rc8 {[%clk 1:24:05]} 12. Qe2 {[%clk 1:31:55]} Nb6
{[%clk 1:20:28]} 13. Nxb6 {[%clk 1:31:27]} Qxb6 {[%clk 1:20:55]} 14. Bxe6
{[%clk 1:31:34]} fxe6 {[%clk 1:21:15]} 15. c3 {[%clk 1:31:38]} O-O
{[%clk 1:20:19]} 16. O-O {[%clk 1:31:06]} Qc6 {[%clk 1:16:02]} 17. Rfd1
{[%clk 1:27:53]} Rc7 {[%clk 1:14:53]} 18. Ne1 {[%clk 1:25:38]} b5
{[%clk 1:10:39]} 19. axb5 {[%clk 1:11:34]} axb5 {[%clk 1:11:04]} 20. Nc2
{[%clk 1:05:10]} Be7 {[%clk 1:10:33]} 21. Nb4 {[%clk 1:00:53]} Qb7
{[%clk 1:08:45]} 22. Ra2 {[%clk 0:51:27]} Rc4 {[%clk 1:04:38]} 23. f3
{[%clk 0:45:26]} Ra8 {[%clk 1:04:37]} 24. Rda1 {[%clk 0:43:03]} Rxa2
{[%clk 1:04:59]} 25. Rxa2 {[%clk 0:41:35]} Bd8 {[%clk 1:00:20]} 26. Qd1
{[%clk 0:37:25]} Bb6+ {[%clk 0:58:37]} 27. Kf1 {[%clk 0:35:48]} Qc7
{[%clk 0:52:05]} 28. Nd5 {[%clk 0:26:08]} Qc5 {[%clk 0:45:49]} 29. Nxb6
{[%clk 0:25:23]} Qxb6 {[%clk 0:46:10]} 30. Ra8+ {[%clk 0:25:38]} Kf7
{[%clk 0:46:32]} 31. Qa1 {[%clk 0:19:22]} Rc7 {[%clk 0:26:42]} 32. Ra6
{[%clk 0:14:02]} Qc5 {[%clk 0:26:41]} 33. Qa2 {[%clk 0:11:53]} b4
{[%clk 0:23:01]} 34. Qa1 {[%clk 0:07:15]} Ke7 {[%clk 0:19:39]} 35. Qd1
{[%clk 0:02:11]} Qc4+ {[%clk 0:19:27]} 36. Qe2 {[%clk 0:02:34]} bxc3
{[%clk 0:18:27]} 37. Qxc4 {[%clk 0:02:06]} Rxc4 {[%clk 0:18:50]} 38. bxc3
{[%clk 0:02:27]} Rxc3 {[%clk 0:19:11]} 39. Ra7+ {[%clk 0:02:49]} Kf6
{[%clk 0:19:32]} 40. Rd7 {[%clk 0:02:48]} Rc1+ {[%clk 0:19:29]} 41. Kf2
{[%clk 0:02:28]} Rc2+ {[%clk 0:19:39]} 42. Kg3 {[%clk 0:02:45]} Rd2
{[%clk 0:20:01]} 43. Rc7 {[%clk 0:01:14]} h5 {[%clk 0:10:07]} 44. Rd7
{[%clk 0:00:41]} d5 {[%clk 0:08:24]} 45. Kh3 {[%clk 0:00:37]} Rd3
{[%clk 0:06:19]} 46. exd5 {[%clk 0:00:38]} exd5 {[%clk 0:06:47]} 47. Kh4
{[%clk 0:00:35]} Rd4+ {[%clk 0:07:05]} 48. Kg3 {[%clk 0:00:40]} Rd2
{[%clk 0:05:43]} 49. Kh4 {[%clk 0:00:33]} Rxg2 {[%clk 0:05:11]} 50. Rd6+
{[%clk 0:00:44]} Kf5 {[%clk 0:05:21]} 51. Rxd5 {[%clk 0:01:09]} Rxh2+
{[%clk 0:05:43]} 52. Kg3 {[%clk 0:01:36]} Rc2 {[%clk 0:05:36]} 0-1

[Event "Eliminacje Miedzywojewodzkie MA-WM C13"]
[Site "Brok"]
[Date "2022.09.14"]
[Round "6.6"]
[White "Kryston, Aleksander"]
[Black "Przybylski, Jan"]
[Result "0-1"]
[BlackElo "1704"]
[WhiteElo "1281"]
[LiveChessVersion "1.4.8"]

1. d4 {[%clk 1:30:57]} d5 {[%clk 1:30:45]} 2. c4 {[%clk 1:31:22]} e6
{[%clk 1:31:08]} 3. Nc3 {[%clk 1:31:46]} Nf6 {[%clk 1:31:33]} 4. cxd5
{[%clk 1:32:08]} exd5 {[%clk 1:31:54]} 5. Bg5 {[%clk 1:32:27]} Be7
{[%clk 1:31:53]} 6. e3 {[%clk 1:32:36]} c6 {[%clk 1:32:06]} 7. Bd3
{[%clk 1:32:09]} Nbd7 {[%clk 1:31:39]} 8. Qc2 {[%clk 1:31:47]} h6
{[%clk 1:31:46]} 9. Bf4 {[%clk 1:31:21]} O-O {[%clk 1:31:45]} 10. h3
{[%clk 1:30:51]} Re8 {[%clk 1:23:14]} 11. Nf3 {[%clk 1:31:11]} Nf8
{[%clk 1:17:44]} 12. O-O {[%clk 1:31:32]} Bd6 {[%clk 1:16:19]} 13. Bxd6
{[%clk 1:31:43]} Qxd6 {[%clk 1:16:48]} 14. Rab1 {[%clk 1:29:45]} Ne6
{[%clk 1:12:32]} 15. b4 {[%clk 1:23:25]} Ng5 {[%clk 1:09:42]} 16. Nxg5
{[%clk 1:07:00]} hxg5 {[%clk 1:10:10]} 17. Ne2 {[%clk 1:05:08]} g4
{[%clk 1:07:36]} 18. hxg4 {[%clk 1:03:21]} Nxg4 {[%clk 1:02:57]} 19. Ng3
{[%clk 0:44:04]} Qh6 {[%clk 0:48:58]} 20. Rfe1 {[%clk 0:44:22]} Qh2+
{[%clk 0:48:06]} 21. Kf1 {[%clk 0:44:05]} Nxe3+ {[%clk 0:47:45]} 22. fxe3
{[%clk 0:37:09]} Qxg3 {[%clk 0:48:05]} 23. Qf2 {[%clk 0:36:12]} Qxf2+
{[%clk 0:48:02]} 24. Kxf2 {[%clk 0:33:19]} Be6 {[%clk 0:47:39]} 25. b5
{[%clk 0:27:48]} cxb5 {[%clk 0:41:30]} 26. Bxb5 {[%clk 0:20:08]} Rec8
{[%clk 0:41:32]} 27. Rbc1 {[%clk 0:19:44]} Kf8 {[%clk 0:41:18]} 28. Kf3
{[%clk 0:19:42]} Ke7 {[%clk 0:41:27]} 29. Ba4 {[%clk 0:18:46]} Rxc1
{[%clk 0:40:54]} 30. Rxc1 {[%clk 0:19:14]} Rc8 {[%clk 0:41:16]} 31. Rxc8
{[%clk 0:04:40]} Bxc8 {[%clk 0:41:44]} 32. g3 {[%clk 0:04:07]} Bd7
{[%clk 0:41:28]} 33. Bc2 {[%clk 0:04:16]} Kd6 {[%clk 0:41:36]} 34. Kf4
{[%clk 0:04:35]} a5 {[%clk 0:41:04]} 35. Bb3 {[%clk 0:03:10]} Bb5
{[%clk 0:39:44]} 36. a4 {[%clk 0:01:59]} Bd3 {[%clk 0:36:26]} 37. g4
{[%clk 0:01:54]} f6 {[%clk 0:29:14]} 38. g5 {[%clk 0:01:37]} fxg5+
{[%clk 0:28:17]} 39. Kxg5 {[%clk 0:02:04]} b5 {[%clk 0:28:35]} 40. axb5
{[%clk 0:01:21]} Bxb5 {[%clk 0:28:55]} 41. Kg6 {[%clk 0:01:46]} a4
{[%clk 0:28:42]} 42. Bxa4 {[%clk 0:00:58]} Bxa4 {[%clk 0:29:06]} 43. Kxg7
{[%clk 0:01:24]} Ke6 {[%clk 0:29:18]} 44. Kg6 {[%clk 0:01:49]} Bc2+
{[%clk 0:29:42]} 45. Kg5 {[%clk 0:02:06]} Be4 {[%clk 0:30:04]} 46. Kf4
{[%clk 0:02:09]} Kf6 {[%clk 0:30:21]} 47. Kg4 {[%clk 0:02:27]} Kg6
{[%clk 0:30:35]} 48. Kf4 {[%clk 0:02:36]} Kh5 {[%clk 0:30:56]} 49. Kg3
{[%clk 0:02:56]} Kg5 {[%clk 0:31:18]} 50. Kh3 {[%clk 0:03:13]} Kf5
{[%clk 0:31:26]} 51. Kg3 {[%clk 0:03:25]} Bh1 {[%clk 0:31:28]} 52. Kf2
{[%clk 0:03:23]} Ke4 {[%clk 0:31:48]} 53. Ke2 {[%clk 0:03:48]} Bf3+
{[%clk 0:32:13]} 0-1

[Event "Eliminacje Miedzywojewodzkie MA-WM C13"]
[Site "Brok"]
[Date "2022.09.14"]
[Round "6.7"]
[White "Baranowski, Jan"]
[Black "Renn, Grzegorz"]
[Result "1/2-1/2"]
[BlackElo "1203"]
[WhiteElo "1216"]
[LiveChessVersion "1.4.8"]

1. e4 c5 2. Nf3 e6 3. d4 cxd4 4. Nxd4 Nf6 5. Nc3 Nc6 6. Ndb5 Bb4 7. a3 Bxc3+ 8.
Nxc3 d5 9. exd5 exd5 10. Bd3 O-O 11. O-O Bg4 12. f3 Bh5 13. Bg5 Qb6+ 14. Kh1 Ne7
15. Re1 d4 16. Bxf6 Qxf6 17. Ne2 Nc6 18. Qd2 Rad8 19. Qf4 Qd6 20. Rad1 Bg6 21.
Rd2 Qxf4 22. Nxf4 Bxd3 23. Nxd3 Rfe8 24. Rde2 Rxe2 25. Rxe2 Kf8 26. Nc5 b6 27.
Nd3 Re8 28. Rxe8+ Kxe8 29. Kg1 Ke7 30. Kf2 g5 1/2-1/2

[Event "Eliminacje Miedzywojewodzkie MA-WM C13"]
[Site "Brok"]
[Date "2022.09.14"]
[Round "6.8"]
[White "Rajlich, Vaclav"]
[Black "Fil, Grzegorz"]
[Result "1-0"]
[BlackElo "1122"]
[WhiteElo "1289"]
[LiveChessVersion "1.4.8"]

1. e4 c5 2. Nf3 Nc6 3. d4 cxd4 4. Nxd4 e5 5. Nb5 d6 6. c4 Be6 7. N1c3 a6 8. Na3
Rc8 9. Qa4 Qa5 10. Be3 Nf6 11. Qc2 Ng4 12. O-O-O Nxe3 13. fxe3 Qc5 14. Qd2 Na5
15. Na4 Qc7 16. Kb1 Bxc4 17. Rc1 Bxa2+ 18. Kxa2 Qxc1 19. Bb5+ Qc6 20. Bxc6+ Nxc6
21. Nb6 Rc7 22. Nac4 d5 23. Nxd5 Nb4+ 24. Nxb4 Rxc4 25. Rd1 Be7 26. Qd7+ Kf8 27.
Nd5 h6 28. Nxe7 g6 29. Nxg6+ Kg7 30. Nxe5 Rf8 31. Rf1 Rxe4 32. Rxf7+ Rxf7 33.
Qxf7+ Kh8 34. Ng6# 1-0

[Event "Eliminacje Miedzywojewodzkie MA-WM C13"]
[Site "Brok"]
[Date "2022.09.14"]
[Round "6.9"]
[White "Maciaga, Jan"]
[Black "Roclawski, Jakub"]
[Result "1-0"]
[BlackElo "1079"]
[WhiteElo "1296"]
[LiveChessVersion "1.4.8"]

1. c4 g6 2. Nc3 Bg7 3. d4 Nc6 4. Nf3 d6 5. e4 Bg4 6. Be3 Bxf3 7. gxf3 Nf6 8. f4
O-O 9. e5 dxe5 10. fxe5 Nh5 11. Be2 f6 12. e6 f5 13. Bxh5 gxh5 14. Qxh5 Nb4 15.
O-O-O Rf6 16. d5 Qf8 17. Bf4 Rd8 18. Rhg1 c6 19. a3 Na6 20. Rd3 Nc5 21. Rh3 Nb3+
22. Kb1 h6 23. Bxh6 cxd5 24. Bxg7 Nd2+ 25. Kc2 1-0

[Event "Eliminacje Miedzywojewodzkie MA-WM C13"]
[Site "Brok"]
[Date "2022.09.15"]
[Round "7.1"]
[White "Olszewski, Antoni"]
[Black "Urych, Krzysztof"]
[Result "1-0"]
[BlackElo "1328"]
[WhiteElo "1351"]
[LiveChessVersion "1.4.8"]

1. e4 {[%clk 1:30:01]} c5 {[%clk 1:30:55]} 2. Nf3 {[%clk 1:30:26]} g6
{[%clk 1:31:21]} 3. d4 {[%clk 1:30:46]} cxd4 {[%clk 1:31:49]} 4. Nxd4
{[%clk 1:31:06]} Nc6 {[%clk 1:32:16]} 5. c4 {[%clk 1:31:25]} Nf6 {[%clk 1:32:44]}
6. Nc3 {[%clk 1:31:45]} d6 {[%clk 1:33:09]} 7. Be2 {[%clk 1:32:01]} Nxd4
{[%clk 1:33:33]} 8. Qxd4 {[%clk 1:32:27]} Bg7 {[%clk 1:34:00]} 9. Be3
{[%clk 1:32:50]} O-O {[%clk 1:34:24]} 10. Qd2 {[%clk 1:33:16]} Be6
{[%clk 1:34:51]} 11. O-O {[%clk 1:33:21]} Qa5 {[%clk 1:35:17]} 12. Rfc1
{[%clk 1:33:42]} Rfc8 {[%clk 1:34:46]} 13. b3 {[%clk 1:33:35]} a6
{[%clk 1:30:17]} 14. Rab1 {[%clk 1:33:34]} Rab8 {[%clk 0:54:35]} 15. f3
{[%clk 1:19:11]} Nd7 {[%clk 0:52:38]} 16. Bd4 {[%clk 1:07:01]} Bxd4+
{[%clk 0:44:56]} 17. Qxd4 {[%clk 1:06:17]} Qc5 {[%clk 0:45:25]} 18. Qxc5
{[%clk 1:01:19]} Rxc5 {[%clk 0:45:54]} 19. Nd5 {[%clk 0:45:38]} Bxd5
{[%clk 0:46:12]} 20. exd5 {[%clk 0:45:06]} Rbc8 {[%clk 0:43:38]} 21. Rd1
{[%clk 0:35:36]} Kg7 {[%clk 0:29:35]} 22. f4 {[%clk 0:29:32]} h5 {[%clk 0:22:15]}
23. Rd2 {[%clk 0:24:50]} Kf6 {[%clk 0:09:57]} 24. h3 {[%clk 0:22:19]} e5
{[%clk 0:05:52]} 25. dxe6 {[%clk 0:21:37]} Kxe6 {[%clk 0:06:21]} 26. Rbd1
{[%clk 0:18:50]} R5c6 {[%clk 0:04:30]} 27. Bf3 {[%clk 0:16:43]} Rb6
{[%clk 0:04:48]} 28. g4 {[%clk 0:13:12]} hxg4 {[%clk 0:04:34]} 29. hxg4
{[%clk 0:13:07]} Ke7 {[%clk 0:01:56]} 30. g5 {[%clk 0:11:26]} Nc5
{[%clk 0:01:46]} 31. Bd5 {[%clk 0:09:37]} Re8 {[%clk 0:01:32]} 32. Kg2
{[%clk 0:07:34]} a5 {[%clk 0:01:20]} 33. Kf3 {[%clk 0:05:30]} Kf8
{[%clk 0:01:15]} 34. Rh2 {[%clk 0:05:06]} Kg7 {[%clk 0:01:13]} 35. Rdh1
{[%clk 0:05:15]} Ne6 {[%clk 0:00:43]} 36. Bxe6 {[%clk 0:03:43]} Rxe6
{[%clk 0:00:50]} 37. Rh8 {[%clk 0:04:06]} 1-0

[Event "Eliminacje Miedzywojewodzkie MA-WM C13"]
[Site "Brok"]
[Date "2022.09.15"]
[Round "7.2"]
[White "Kowalski, Witold"]
[Black "Bartodziej, Bartosz"]
[Result "0-1"]
[BlackElo "1940"]
[WhiteElo "1525"]
[LiveChessVersion "1.4.8"]

1. e4 {[%clk 1:30:57]} c5 {[%clk 1:29:16]} 2. Nf3 {[%clk 1:31:18]} d6
{[%clk 1:29:32]} 3. d4 {[%clk 1:31:40]} cxd4 {[%clk 1:29:56]} 4. Nxd4
{[%clk 1:32:05]} Nf6 {[%clk 1:30:19]} 5. Nc3 {[%clk 1:32:31]} a6 {[%clk 1:30:30]}
6. Bg5 {[%clk 1:32:55]} Nbd7 {[%clk 1:29:47]} 7. f4 {[%clk 1:31:38]} Qc7
{[%clk 1:29:20]} 8. Qf3 {[%clk 1:24:29]} h6 {[%clk 1:28:35]} 9. Bxf6
{[%clk 0:55:03]} Nxf6 {[%clk 1:28:58]} 10. Qd3 {[%clk 0:53:00]} e6
{[%clk 1:22:37]} 11. Be2 {[%clk 0:50:30]} Be7 {[%clk 1:19:12]} 12. a3
{[%clk 0:37:50]} b5 {[%clk 1:09:57]} 13. O-O {[%clk 0:32:35]} Bb7
{[%clk 1:04:18]} 14. Kh1 {[%clk 0:29:27]} Rc8 {[%clk 1:01:13]} 15. Rad1
{[%clk 0:24:41]} O-O {[%clk 0:59:32]} 16. Bf3 {[%clk 0:22:08]} Rfd8
{[%clk 0:44:42]} 17. Qe3 {[%clk 0:12:48]} Bf8 {[%clk 0:39:09]} 18. Nb3
{[%clk 0:06:26]} e5 {[%clk 0:25:23]} 19. Rd2 {[%clk 0:05:30]} d5 {[%clk 0:15:15]}
20. Nxd5 {[%clk 0:05:20]} Bxd5 {[%clk 0:13:52]} 21. exd5 {[%clk 0:05:42]} exf4
{[%clk 0:12:44]} 22. Qd3 {[%clk 0:04:56]} Qe5 {[%clk 0:11:24]} 23. c3
{[%clk 0:04:16]} Bd6 {[%clk 0:02:50]} 24. Re2 {[%clk 0:01:28]} Qg5
{[%clk 0:03:01]} 25. Nd2 {[%clk 0:01:05]} Re8 {[%clk 0:02:12]} 26. Ne4
{[%clk 0:01:05]} Nxe4 {[%clk 0:02:28]} 27. Rxe4 {[%clk 0:01:23]} Re5
{[%clk 0:01:56]} 28. Rxe5 {[%clk 0:01:25]} Qxe5 {[%clk 0:02:15]} 29. a4
{[%clk 0:00:56]} Qe3 {[%clk 0:01:05]} 30. Qf5 {[%clk 0:01:00]} Re8
{[%clk 0:00:54]} 31. axb5 {[%clk 0:00:56]} Qf2 {[%clk 0:00:38]} 32. Qb1
{[%clk 0:01:05]} Qb6 {[%clk 0:00:45]} 33. bxa6 {[%clk 0:01:23]} Qxa6
{[%clk 0:01:14]} 34. h3 {[%clk 0:01:24]} Rb8 {[%clk 0:01:09]} 35. Re1
{[%clk 0:01:02]} g6 {[%clk 0:01:30]} 36. Qc2 {[%clk 0:00:43]} Qa2
{[%clk 0:00:52]} 37. Re2 {[%clk 0:00:35]} Qa1+ {[%clk 0:01:08]} 38. Kh2
{[%clk 0:00:46]} Bc5 {[%clk 0:01:24]} 39. Rf2 {[%clk 0:00:33]} Qe1
{[%clk 0:00:40]} 40. Qe2 {[%clk 0:00:33]} Qxf2 {[%clk 0:00:49]} 41. Qxf2
{[%clk 0:00:49]} Bxf2 {[%clk 0:01:17]} 42. b4 {[%clk 0:01:00]} Bg3+
{[%clk 0:01:18]} 43. Kg1 {[%clk 0:01:23]} Re8 {[%clk 0:01:39]} 44. d6
{[%clk 0:01:38]} Re1# {[%clk 0:02:04]} 0-1